[Event "Barcelona La Lira op 31st"]
[Site "Barcelona"]
[Date "2013.01.18"]
[Round "1"]
[White "Sanchez Cuesta, Josep Maria"]
[Black "Miguel Bort, Francesco"]
[Result "1/2-1/2"]
[WhiteElo "1584"]
[BlackElo "1929"]
[PlyCount "67"]
[EventDate "2013.01.18"]
[EventType "swiss"]
[EventRounds "8"]
[EventCountry "ESP"]
[SourceTitle "EXT 2014"]
[Source "ChessBase"]
[SourceDate "2013.11.20"]
[SourceVersion "1"]
[SourceVersionDate "2013.11.20"]
[SourceQuality "1"]

1. e4 d5 2. exd5 Nf6 3. Nf3 Qxd5 4. Be2 Bg4 5. 0-0 e6 6. d3 Be7 7. Bf4 c6 8. Nc3 Qa5 9. a3 Nbd7 10. Re1 0-0 11. Qd2 Rfe8 12. Ne4 Qxd2 13. Nfxd2 Bxe2 14. Rxe2 e5 15. Be3 Nxe4 16. dxe4 Bc5 17. b4 Bxe3 18. Rxe3 Nb6 19. Kf1 Rad8 20. Rd3 f6 21. Ke2 Kf7 22. Rb1 Ke7 23. Rbb3 Rxd3 24. Rxd3 Rd8 25. g3 Rd6 26. f4 g6 27. Rxd6 Kxd6 28. Kd3 a6 29. Nb3 Nd7 30. Na5 b5 31. c4 Kc7 32. Nb3 Kd6 33. c5+ Kc7 34. Na5 1/2-1/2

[Event "Barcelona La Lira op 30th"]
[Site "Barcelona"]
[Date "2012.03.02"]
[Round "7"]
[White "Rodriguez Batuecas, Jordi"]
[Black "Miguel Bort, Francesco"]
[Result "0-1"]
[WhiteElo "1615"]
[BlackElo "1894"]
[PlyCount "126"]
[EventDate "2012.01.20"]
[EventType "swiss"]
[EventRounds "8"]
[EventCountry "ESP"]
[SourceTitle "EXT 2013"]
[Source "ChessBase"]
[SourceDate "2012.11.22"]
[SourceVersion "1"]
[SourceVersionDate "2012.11.22"]
[SourceQuality "1"]

1. e4 d5 2. exd5 Nf6 3. d4 Qxd5 4. Nc3 Qa5 5. Nf3 Bg4 6. Be2 c6 7. 0-0 e6 8. Ne5 Bxe2 9. Qxe2 Be7 10. Ne4 Nbd7 11. Nxd7 Nxd7 12. c3 Nf6 13. Nxf6+ gxf6 14. Bf4 Qf5 15. Bg3 h5 16. h3 h4 17. Bh2 Rg8 18. Qe3 0-0-0 19. Qf4 Qxf4 20. Bxf4 Rg6 21. Kh2 Bd6 22. Bxd6 Rxd6 23. Rae1 f5 24. Re3 Rd8 25. Rg1 Kd7 26. g3 Rdg8 27. Ree1 hxg3+ 28. Rxg3 Ke7 29. Reg1 Kf6 30. Rxg6+ fxg6 31. f4 Rh8 32. Re1 Rh6 33. Kg3 g5 34. fxg5+ Kxg5 35. Rh1 Rh4 36. Rh2 Re4 37. Kf3 Kh4 38. Rh1 b6 39. Rh2 c5 40. dxc5 bxc5 41. b3 e5 42. Rh1 Rf4+ 43. Kg2 e4 44. b4 cxb4 45. cxb4 Rf3 46. Rd1 Ra3 47. Rd2 f4 48. Rd4 f3+ 49. Kf1 Re3 50. Rd7 Ra3 51. Rd4 Kxh3 52. Rxe4 Rxa2 53. Re7 Kg3 54. Rg7+ Kf4 55. Rf7+ Ke3 56. Re7+ Kd4 57. Rf7 Ra3 58. Kf2 Kc4 59. Rf4+ Kb5 60. Rxf3 Rxf3+ 61. Kxf3 Kxb4 62. Ke2 Kb3 63. Kd2 Kb2 0-1

[Event "Barcelona La Lira op 29th"]
[Site "Barcelona"]
[Date "2011.01.21"]
[Round "2"]
[White "Serrano Pertinez, Miquel"]
[Black "Miguel Bort, Francesco"]
[Result "1-0"]
[WhiteElo "2123"]
[BlackElo "1927"]
[PlyCount "109"]
[EventDate "2011.01.14"]
[EventType "swiss"]
[EventRounds "7"]
[EventCountry "ESP"]
[SourceTitle "EXT 2012"]
[Source "ChessBase"]
[SourceDate "2011.11.24"]
[SourceVersion "1"]
[SourceVersionDate "2011.11.24"]
[SourceQuality "1"]

1. b3 f5 2. e3 Nf6 3. Bb2 e6 4. c4 c6 5. Nf3 Be7 6. g3 0-0 7. Bg2 d5 8. 0-0 Nbd7 9. Qc2 Nc5 10. b4 Nce4 11. d3 Nd6 12. Nbd2 Bd7 13. a4 Rc8 14. Nb3 Nf7 15. Bc3 b6 16. c5 Qc7 17. Rfc1 e5 18. cxb6 axb6 19. Qb2 Bd6 20. a5 e4 21. Ne1 Be5 22. Bxe5 Qxe5 23. Qxe5 Nxe5 24. Bf1 b5 25. Nc5 Be8 26. Ne6 Rf7 27. Nd4 g6 28. Nxb5 Re7 29. d4 Nf3+ 30. Nxf3 exf3 31. Nc3 Rb8 32. Rab1 Reb7 33. a6 Ra7 34. Rc2 Bd7 35. Ra2 Ne4 36. Na4 Bc8 37. Bd3 Nd6 38. Nc5 Kf7 39. Kf1 Kf6 40. Ke1 Ne8 41. Kd2 Nc7 42. Ra5 Ke7 43. Kc3 Rb6 44. h3 Kf6 45. Rg1 Nb5+ 46. Bxb5 Rxb5 47. Rxb5 cxb5 48. Ra1 Ke7 49. Ra5 Bd7 50. Nxd7 Kxd7 51. Rxb5 Rxa6 52. Rxd5+ Ke6 53. Ra5 Rc6+ 54. Kd3 h6 55. d5+ 1-0

[Event "Barcelona La Lira op 29th"]
[Site "Barcelona"]
[Date "2011.01.14"]
[Round "1"]
[White "Miguel Bort, Francesco"]
[Black "Sanchez Coves, Juan Josep"]
[Result "1-0"]
[WhiteElo "1927"]
[BlackElo "1653"]
[PlyCount "47"]
[EventDate "2011.01.14"]
[EventType "swiss"]
[EventRounds "7"]
[EventCountry "ESP"]
[SourceTitle "EXT 2012"]
[Source "ChessBase"]
[SourceDate "2011.11.24"]
[SourceVersion "1"]
[SourceVersionDate "2011.11.24"]
[SourceQuality "1"]

1. d4 Nf6 2. e3 c5 3. f4 e6 4. Nf3 Nc6 5. c3 g6 6. Bd3 cxd4 7. exd4 Bg7 8. 0-0 0-0 9. Nbd2 d5 10. Ne5 Qb6 11. Kh1 h5 12. Qf3 Qc7 13. h3 b6 14. Rf2 Bb7 15. g4 Ne7 16. Rh2 Nd7 17. gxh5 Nxe5 18. fxe5 Bxe5 19. dxe5 d4 20. Be4 dxc3 21. Bxb7 cxd2 22. Bxd2 Rab8 23. Be4 Qxe5 24. Bf4 1-0